| 000 | 00537nam a2200181Ia 4500 | ||
|---|---|---|---|
| 999 |
_c1711 _d1711 |
||
| 003 | OSt | ||
| 005 | 20200923094323.0 | ||
| 008 | 190216s9999||||xx |||||||||||||| ||und|| | ||
| 020 | _a9788120416741 | ||
| 040 | _coclc | ||
| 082 |
_a581.1 _bGUP/P |
||
| 100 |
_aGupta, Narendra K _94829 |
||
| 245 | 0 |
_aPlant Physiology / _cNarendra K Gupta ; Sunita Gupta |
|
| 260 |
_bOxford And Ibh Publishing Co. Pvt Ltd, _aNew Delhi: _c2005. |
||
| 300 | _a580p | ||
| 650 | _aBotany | ||
| 942 |
_cBK _2ddc _h581.1 _iGUP/P _k581.1 _mGUP/P |
||